| 000 | 00357nam a22001577a 4500 | ||
|---|---|---|---|
| 003 | OSt | ||
| 008 | 231017b |||||||| |||| 00| 0 eng d | ||
| 020 | _a9789356963344 | ||
| 100 | _aMOHAN,HARSH | ||
| 245 | _aPATHOLOGY QUICK REVIEW | ||
| 250 | _a6TH | ||
| 260 |
_aNEW DELHI _bCBS PUB. |
||
| 300 | _aXIV,268 | ||
| 650 | _aPATHOPHYSIOLOGY | ||
| 942 |
_2ddc _cBK |
||
| 999 |
_c12117 _d12117 |
||